Loga klubów na szczeblu centralnym (Ekstraklasa, 1 Liga, 2 Liga) - Statystyki

Ogólne statystyki
  • Ten quiz został rozwiązany 456 razy
    139 od ostatniego zresetowania
  • Średni wynik to 43 z 52
Statystyki odpowiedzi
Obrazkowy Odpowiedź % Poprawnych
Cracovia
100%
Widzew Łódź
99%
ŁKS Łódź
97%
Radomiak Radom
97%
Wisła Kraków
97%
Bruk-Bet Termalica Nieciecza
96%
Korona Kielce
93%
Pogoń Szczecin
93%
Arka Gdynia
92%
Górnik Zabrze
91%
Jagiellonia Białystok
91%
Motor Lublin
91%
Ruch Chorzów
91%
GKS Katowice
90%
Legia Warszawa
90%
Polonia Warszawa
90%
Raków Częstochowa
90%
Wisła Płock
90%
Lechia Gdańsk
89%
Lech Poznań
89%
Śląsk Wrocław
88%
Stal Mielec
88%
Piast Gliwice
87%
Zagłębie Lubin
87%
Puszcza Niepołomice
86%
Warta Poznań
86%
Znicz Pruszków
86%
GKS Tychy
85%
Wieczysta Kraków
84%
Górnik Łęczna
83%
Miedź Legnica
83%
Podbeskidzie Bielsko-Biała
83%
Zagłębie Sosnowiec
83%
Pogoń Siedlce
82%
Polonia Bytom
82%
Odra Opole
80%
Sandecja Nowy Sącz
78%
Stal Rzeszów
76%
Resovia Rzeszów
75%
Chrobry Głogów
74%
Chojniczanka Chojnice
71%
Pogoń Grodzisk Mazowiecki
70%
Stal Stalowa Wola
68%
GKS Jastrzębie
67%
Olimpia Grudziądz
66%
Hutnik Kraków
65%
Rekord Bielsko-Biała
62%
Świt Szczecin
62%
KKS Kalisz
56%
Unia Skierniewice
53%
Podhale Nowy Targ
50%
Sokół Kleczew
50%
Nie znaleziono quizów pasujących do podanych kryteriów
Rozkład punktacji
Procent ludzi z każdym wynikiem
Percentyl według liczby udzielonych odpowiedzi
Twoja historia wyników
Nie rozwiązałeś tego quizu od ostatniego zresetowania